000 00669nam a2200241 i 4500
001 C2-0103944
003 PPAK
005 20180727101012.0
008 970609s1990 njua|||| ||||| | eng d
020 _a0671663526
040 _aPPAK
_beng
_cPPAK
_erda
082 0 4 _a574.516322
_223
090 0 0 _a574.516322
_bWYL
_dK
100 1 _aWyler, Rose,
_eauthor
245 1 0 _aPuddles and ponds
264 1 _aEnglewood Cliffs, New Jersey :
_bJulian Messner ,
_c1990
300 _a32 pages :
_bcolour illustrations ;
_c25 cm
336 _2rdacontent
_atext
337 _2rdamedia
_aunmediated
338 _2rdacarrier
_avolume
650 1 0 _aPonds ecology
942 _ddc
_cB
999 _c24869
_d24869